Report on socio-economic survey of tribals in Kerala, 1976-78 (Record no. 489160)

000 -LEADER
fixed length control field 00418cam a22001097a 4500
008 - FIXED-LENGTH DATA ELEMENTS--GENERAL INFORMATION
fixed length control field 180718b1979 xxu||||| |||| 00| 0 eng d
082 ## - DEWEY DECIMAL CLASSIFICATION NUMBER
Classification number BA27068x5453 K45
245 ## - TITLE STATEMENT
Title Report on socio-economic survey of tribals in Kerala, 1976-78
Statement of responsibility, etc. by Bureau of Economics and Statistics, Kerala
260 ## - PUBLICATION, DISTRIBUTION, ETC.
Place of publication, distribution, etc. Trivandrum
Name of publisher, distributor, etc. Bureau of Economics and Statistics
Date of publication, distribution, etc. 1979
300 ## - PHYSICAL DESCRIPTION
Extent 179+p.
700 ## - ADDED ENTRY--PERSONAL NAME
Personal name Kerala. Bureau of Economics and Statistics
Holdings
Withdrawn status Lost status Damaged status Not for loan Permanent Location Current Location Date acquired Full call number Barcode Date last seen Price effective from Koha item type
        Indian Institute of Public Administration Indian Institute of Public Administration 2018-08-04 BA27068x5453 K45 GG19106 2018-08-04 2018-08-04 GG

Powered by Koha